Odisea / (Registro nro. 6511)
[ vista simple ]
| 000 -LEADER | |
|---|---|
| fixed length control field | 02686nam a22003017a 4500 |
| 003 - CONTROL NUMBER IDENTIFIER | |
| control field | OSt |
| 005 - DATE AND TIME OF LATEST TRANSACTION | |
| control field | 20250627090320.0 |
| 008 - FIXED-LENGTH DATA ELEMENTS--GENERAL INFORMATION | |
| fixed length control field | 200213t2001 ck ||||er|||| 00| f spa d |
| 020 ## - INTERNATIONAL STANDARD BOOK NUMBER | |
| International Standard Book Number | 9588089204 |
| 040 ## - CATALOGING SOURCE | |
| Original cataloging agency | CO-JMCR |
| Transcribing agency | CO-JMCR |
| 041 1# - LANGUAGE CODE | |
| Language code of text/sound track or separate title | spa |
| Language code of original | eng |
| 082 04 - DEWEY DECIMAL CLASSIFICATION NUMBER | |
| Classification number | A-P |
| Item number | HOMo2 |
| 100 0# - MAIN ENTRY--PERSONAL NAME | |
| Personal name | Homero, |
| Relator term | autor |
| 9 (RLIN) | 544 |
| 245 10 - TITLE STATEMENT | |
| Title | Odisea / |
| Statement of responsibility, etc. | Homero ; traducción de Luis Segalá y Estalella |
| 260 ## - PUBLICATION, DISTRIBUTION, ETC. | |
| Place of publication, distribution, etc. | Bogotá : |
| Name of publisher, distributor, etc. | El Tiempo, |
| Date of publication, distribution, etc. | ©2001. |
| 300 ## - PHYSICAL DESCRIPTION | |
| Extent | 384 páginas ; |
| Dimensions | 21 cm. |
| 490 0# - SERIES STATEMENT | |
| Series statement | Biblioteca El Tiempo ; |
| Volume/sequential designation | 4 |
| 500 ## - GENERAL NOTE | |
| General note | Incluye datos biográficos del autor. |
| 505 0# - FORMATTED CONTENTS NOTE | |
| Formatted contents note | Concilio de los dioses-Exhortación de Atenea a Telémaco -- Ágora de los Itacenses-Partida de Telémaco -- Lo de pilo -- Lo de Lacedemonia -- La balsa de Odiseo -- Llegada de Odiseo al país de los feacios -- Entrada de Odiseo en el palacio de Alcínoo -- Presentación de Odiseo a los feacios -- Relatos de Álcínoo-Ciclopea -- Lo relativo a Eolo, a los lestrigones y a Circe -- Evocación de los muertos -- Las sirenas, Escila, Caribdis-Las vacas del sol -- Partida de Odiseo del país de los feacios y su llegada a Ítaca -- Conversación de Odiseo con Eumeo -- Llegada de Telémaco a la majada de Eumeo -- Reconocimiento de Odiseo por Telémaco -- Vuelta de Telémaco a Ítaca -- Pugilato de Odiseo con Iro -- Coloquio de Odiseo y Penélope- El lavatorio o reconocimiento de Odiseo por Euriclea -- Lo que precedió a la matanza de los pretendientes -- Reconocimiento de Odiseo por Penélope -- Las paces |
| 520 ## - SUMMARY, ETC. | |
| Summary, etc. | La Odisea es, junto con la Ilíada, uno de los dos más venerables monumentos literarios que se conservan en lengua original de la antigua civilización griega fechado entre los años 800 y 700 a.C y atribuido, lo mismo que la Ilíada, al legendario poeta Homero, este extraordinario poema épico narra las aventuras vividas por el capitán griego Ulises, rey de la Isla de ítaca, a su regreso de la guerra de Troya con destino a su patria, dónde lo espera su familia. La humanidad de este héroe griego que gracias a su inteligencia y a su astucia logra sortear los más fabulosos obstáculos y peligros en un mundo enteramente dominado por la magia, la tentación y la fatalidad ha fascinado desde siempre a los historiadores y artistas del mundo occidental, cuya armazón se sostiene aún hoy sobre las bases dejadas por la cultura helénica. |
| 546 ## - LANGUAGE NOTE | |
| Language note | Traducido del inglés |
| 650 14 - SUBJECT ADDED ENTRY--TOPICAL TERM | |
| Topical term or geographic name entry element | Poesía épica griega . |
| 9 (RLIN) | 545 |
| 650 24 - SUBJECT ADDED ENTRY--TOPICAL TERM | |
| Topical term or geographic name entry element | Literatura épica griega. |
| Chronological subdivision | Siglo IX a.c. |
| 9 (RLIN) | 546 |
| 650 24 - SUBJECT ADDED ENTRY--TOPICAL TERM | |
| Topical term or geographic name entry element | Héroes en la literatura. |
| 9 (RLIN) | 547 |
| 650 24 - SUBJECT ADDED ENTRY--TOPICAL TERM | |
| Topical term or geographic name entry element | Mitología griega en la literatura. |
| 9 (RLIN) | 548 |
| 700 1# - ADDED ENTRY--PERSONAL NAME | |
| Personal name | Segalá y Estalella, Luis, |
| Relator term | traductor |
| 9 (RLIN) | 549 |
| 942 ## - ADDED ENTRY ELEMENTS (KOHA) | |
| Source of classification or shelving scheme | Dewey Decimal Classification |
| Koha item type | Books |
| Withdrawn status | Lost status | Source of classification or shelving scheme | Damaged status | Not for loan | Collection code | Home library | Current library | Shelving location | Date acquired | Source of acquisition | Cost, normal purchase price | Total Checkouts | Full call number | Barcode | Date last seen | Date last checked out | Copy number | Price effective from | Koha item type |
|---|---|---|---|---|---|---|---|---|---|---|---|---|---|---|---|---|---|---|---|
| Dewey Decimal Classification | Fiction | Biblioteca Pública José María del Castillo y Rada | Biblioteca Pública José María del Castillo y Rada | Processing Center | 05/27/2019 | Donación | 0.00 | 5 | A-P HOMo2 | 201809465 | 08/28/2025 | 08/27/2025 | Ej.1 | 02/13/2020 | Books |